La mujer en el tango /

Mientras recordamos sus presentaciones en el Festival Nacional del Tango, Lidia Borda, Rubén Juárez, Rodolfo Mederos y muchos otros cuentan su visión y sus experiencias con relación al tango y a la participación de la mujer en este género.

Guardado en:
Autor Principal: Masllorens, Ignacio
Autor Corporativo: Canal Encuentro.
Formato: Deslizar
Publicado: Argentina, 2009
Series:El Tango Es Nuestro
Materias:
Etiquetas: Agregar Etiqueta
Sin Etiquetas, Sea el primero en etiquetar este registro!
LEADER 01138ngm a22003015g 4500
001 CEM.cems023277
008 130507s2009##################0###0#####d
005 20250227152309.0
245 1 0 |a La mujer en el tango /  |c Ignacio Masllorens. 
260 |a Argentina,  |c 2009 
300 |a 28'. 
490 0 |a El Tango Es Nuestro 
500 |a Consultar en ventanilla. 
538 |a Soporte: DVD - Color: Si - Grabación DRD. 
590 |a Identificación anterior registrada en SIABUC: D138 
520 |a Mientras recordamos sus presentaciones en el Festival Nacional del Tango, Lidia Borda, Rubén Juárez, Rodolfo Mederos y muchos otros cuentan su visión y sus experiencias con relación al tango y a la participación de la mujer en este género. 
100 1 |a Masllorens, Ignacio 
710 2 |a Canal Encuentro. 
082 7 8 |/ MAS 
653 |a MUSICA 
653 |a MUSICA ARGENTINA 
653 |a MUSICA POPULAR ARGENTINA 
653 |a TANGO 
653 |a MUSICA CIUDADANA 
653 |a FOLKLORE 
653 |a NIVEL SECUNDARIO 
653 |a SERIE DOCUMENTAL 
859 |a CEMS  |b BIB. CEMS - Depto. Recursos Didacticos  |h 780  |i MAS  |k DRD  |p 1920.14  |t Ej.1